Top 15 Biggest Football Clubs - Statistics

General Stats
  • This quiz has been taken 52 times
  • The average score is 13 of 15
Answer Stats
Club % Correct
2 Barcelona
100%
1 Real Madrid
100%
3 Bayern Munich
98%
4 AC Milan
96%
14 Borussia Dortmund
96%
11 Chelsea
96%
6 Liverpool
94%
15 Manchester City
94%
5 Manchester United
94%
9 Inter Milan
92%
8 PSG
90%
13 Arsenal
88%
7 Juventus
81%
12 Ajax
75%
10 Benfica
52%
No matching quizzes found
Score Distribution
Percent of People with Each Score
Percentile by Number Answered
Your Score History
You have not taken this quiz